|
|
|
|
| LEADER |
00000nab a2200000 4500 |
| 001 |
vtls011992258 |
| 003 |
SK-MaSNL |
| 005 |
20260304232319.0 |
| 008 |
210510 2020 xo 000 0 cze |
| 015 |
|
|
|a SNBRB2020/02
|2 LMAOSK
|
| 040 |
|
|
|a LMAOSK
|b slo
|c LMAOSK
|e rda
|
| 041 |
0 |
|
|a eng
|
| 043 |
|
|
|a e-er---
|
| 044 |
|
|
|a xo
|c SK
|
| 072 |
|
7 |
|a 004
|x Počítačová veda. Výpočtová technika. Informačné technológie
|2 konspekt
|
| 080 |
|
|
|a 004
|2 2011
|
| 080 |
|
|
|a (046)
|2 2011
|
| 100 |
1 |
|
|a Polese, Abel
|4 aut
|9 503422
|
| 245 |
1 |
0 |
|a Estonian Identity Construction Between Nation Branding and Building
|c Abel Polese, Thomas Ambrosio, Tanel Kerikmäe
|
| 300 |
|
|
|b Obrázky
|
| 336 |
|
|
|a text
|b txt
|2 rdacontent
|
| 337 |
|
|
|a bez média
|b n
|2 rdamedia
|
| 338 |
|
|
|a zväzok
|b nc
|2 rdacarrier
|
| 504 |
|
|
|a Bibliografické odkazy
|
| 650 |
0 |
7 |
|a digitalizácia
|2 SNKPH
|9 19296
|
| 650 |
0 |
7 |
|a národná identita
|2 SNKPH
|9 1665
|
| 651 |
|
7 |
|a Estónsko
|2 SNKPHgeo
|9 16967
|
| 655 |
|
7 |
|a články
|2 SNKPH
|9 70601
|
| 700 |
1 |
|
|a Ambrosio, Thomas
|4 aut
|9 527887
|
| 700 |
1 |
|
|a Kerikmäe, Tanel
|a aut
|4 aut
|9 1566833
|
| 773 |
0 |
|
|t Mezinárodní vztahy
|g Roč. 55, č. 2 (2020), s. 24-46
|x 0323-1844
|
| 852 |
|
|
|a LMAOSK
|b KIS3GCP
|
| 856 |
4 |
1 |
|u https://mv.iir.cz/article/view/1690/1527
|
| 958 |
|
|
|a NB
|
| 999 |
|
|
|c 3193113
|d 3195043
|